Distribution and stratigraphic significance of foraminifera and algae in well cores from Madison group (Mississippian), Williston basin, Montana /

Bibliographic Details
Main Authors: Sando, William Jasper (Author), Mamet, Bernard L. (Author)
Format: Government Document eBook
Language:English
Published: [Reston, Va.] : United States Department of the Interior, Geological Survey, 1981.
Series:Contributions to stratigraphy.
Geological Survey bulletin ; 1529-F.
Subjects:
Online Access:https://purl.fdlp.gov/GPO/gpo61644

MARC

Tag First Indicator Second Indicator Subfields
LEADER 00000cam a2200000Ii 4500
001 in00003602513
005 20211120173436.0
006 m o d f
007 cr bn|||||||||
008 140805s1981 vaua ob f000 0 eng d
035 |a (OCoLC)ocn885282042 
040 |a COP  |b eng  |e rda  |c COP  |d OCLCO  |d OCLCF  |d GPO  |d MvI  |d UtOrBLW 
043 |a n-us-mt 
049 |a WWW 
074 |a 0620 (online) 
086 0 |a I 19.3:1529-F 
100 1 |a Sando, William Jasper,  |e author.  |0 http://id.loc.gov/authorities/names/n79026774 
245 1 0 |a Distribution and stratigraphic significance of foraminifera and algae in well cores from Madison group (Mississippian), Williston basin, Montana /  |c by William J. Sando and Bernard L. Mamet. 
264 1 |a [Reston, Va.] :  |b United States Department of the Interior, Geological Survey,  |c 1981. 
264 2 |a Washington :  |b United States Government Printing Office 
300 |a 1 online resource (iii, 12 pages) :  |b illustrations. 
336 |a text  |b txt  |2 rdacontent 
337 |a computer  |b c  |2 rdamedia 
338 |a online resource  |b cr  |2 rdacarrier 
490 1 |a Contributions to stratigraphy 
490 1 |a Geological Survey bulletin ;  |v 1529-F 
500 |a Title from title screen (viewed Aug. 1, 2014). 
504 |a Includes bibliographical references. 
648 7 |a From 310 to 345 million years ago  |2 fast 
650 0 |a Algae, Fossil.  |0 http://id.loc.gov/authorities/subjects/sh85003417 
650 0 |a Foraminifera, Fossil.  |0 http://id.loc.gov/authorities/subjects/sh85050445 
650 0 |a Paleontology  |y Mississippian.  |0 http://id.loc.gov/authorities/subjects/sh85097133 
650 0 |a Paleontology  |z Montana.  |0 http://id.loc.gov/authorities/subjects/sh2010104939 
650 0 |a Paleontology  |z Williston Basin. 
650 7 |a Algae, Fossil.  |2 fast  |0 (OCoLC)fst00804871 
650 7 |a Foraminifera, Fossil.  |2 fast  |0 (OCoLC)fst00931565 
650 7 |a Mississippian Geologic Period.  |2 fast  |0 (OCoLC)fst01353837 
650 7 |a Paleontology.  |2 fast  |0 (OCoLC)fst01051513 
651 7 |a Montana.  |2 fast  |0 (OCoLC)fst01207555 
651 7 |a United States  |z Williston Basin.  |2 fast  |0 (OCoLC)fst01243400 
700 1 |a Mamet, Bernard L.,  |e author.  |0 http://id.loc.gov/authorities/names/n81094054 
710 2 |a Geological Survey (U.S.),  |e issuing body.  |0 http://id.loc.gov/authorities/names/n80092173 
776 0 8 |i Print version:  |a Sando, William Jasper.  |t Distribution and stratigraphic significance of foraminifera and algae in well cores from Madison Group (Mississippian), Williston Basin, Montana  |w (DLC) 81607863  |w (OCoLC)7795529 
830 0 |a Contributions to stratigraphy.  |0 http://id.loc.gov/authorities/names/n42008287 
830 0 |a Geological Survey bulletin ;  |v 1529-F.  |0 http://id.loc.gov/authorities/names/n42012100 
856 4 0 |u https://purl.fdlp.gov/GPO/gpo61644  |t 0 
999 f f |s 0f2467ae-8ef0-347f-9886-769058e6ca8a  |i 73cf0938-b202-38aa-9dd1-16b7a18a4471  |t 0 
952 f f |a Texas A&M University  |b College Station  |c Electronic Resources  |d Available Online  |t 0  |e I 19.3:1529-F  |h Superintendent of Documents classification 
998 f f |a I 19.3:1529-F  |t 0  |l Available Online